| 000 | 00728nam a2200229 a 4500 | ||
|---|---|---|---|
| 001 | 000023291 | ||
| 005 | 20200930022121.0 | ||
| 008 | 771019s1965 fr a b 000 0 spa d | ||
| 040 |
_aDO-SdBNP _cspa _dBNPHU |
||
| 082 |
_ann* _bnn* |
||
| 100 | 1 |
_aGosset, Pierre. _947963 |
|
| 245 | 1 | 0 |
_aHitler / _cPierre y Renee Gosset ; traducción Salustiano Maso y Francisco Diez del Corral. |
| 260 |
_aParís : _bCid, _c1965. |
||
| 300 |
_av. : _bil. ; _c20 cm. |
||
| 490 | 1 |
_aYunque. _v20 |
|
| 500 | _aLa biblioteca sólo posee los volumenes 1 y 2. | ||
| 700 | 1 |
_aGosset, Renee. _947964 |
|
| 700 | 1 |
_aMaso, Salustiano, _etr. _929539 |
|
| 700 | 1 |
_aDiez del Corral, Francisco, _etr. _947965 |
|
| 830 | 0 |
_aYunque. _v20 _947966 |
|
| 049 | _aBNGR | ||
| 999 |
_c22788 _d22788 |
||